[Event " "]
[Site "Lyon Olympique Echecs"]
[Date "31.??.??"]
[Round "10.3"]
[White "Peric, Slavisa"]
[Black "Nemirovski, Serge"]
[Result "1-0"]
[WhiteElo "2289"]
[BlackElo "2269"]
[PlyCount "109"]
[EventDate "31.??.??"]
[WhiteTeam "Cannes II"]
[BlackTeam "Vincennes"]

1. d4 d5 2. Nf3 c6 3. c4 dxc4 4. e3 b5 5. a4 e6 6. b3 Bb4+ 7. Bd2 Bxd2+ 8.
Nfxd2 cxb3 9. axb5 b2 10. Ra2 Ne7 11. Rxb2 O-O 12. Be2 cxb5 13. Rxb5 Bd7 14.
Rc5 Bc6 15. Bf3 Bxf3 16. Nxf3 Nd7 17. Rc1 e5 18. O-O exd4 19. Qxd4 Nb6 20. Qb2
Ned5 21. Na3 Qe7 22. Nc4 Rfc8 23. Nxb6 Nxb6 24. h3 h6 25. Nd4 Qe5 26. Qa3 Qe8
27. Nf5 Rxc1 28. Rxc1 Qf8 29. Qa6 g6 30. Nd4 Kh7 31. Rc7 Nd5 32. Rxa7 Rxa7 33.
Qxa7 Qe7 34. Qxe7 Nxe7 35. e4 Kg7 36. f4 f5 37. e5 g5 38. Kf2 Kg6 39. Kf3 Nd5
40. Ne2 h5 41. g3 Kh6 42. fxg5+ Kxg5 43. h4+ Kh6 44. Nf4 Nc3 45. e6 Ne4 46. e7
Nd6 47. Nd5 Ne8 48. Kf4 Kg6 49. Ke5 Kf7 50. Kxf5 Nd6+ 51. Kg5 Ne4+ 52. Kf4 Nd6
53. Ne3 Ne8 54. Kg5 Nf6 55. Nf5 1-0

[Event " "]
[Site "Lyon Olympique Echecs"]
[Date "31.??.??"]
[Round "10.4"]
[White "Carbonnel, Pierre"]
[Black "Kerbrat, Julien"]
[Result "1-0"]
[WhiteElo "2276"]
[BlackElo "2185"]
[PlyCount "75"]
[EventDate "31.??.??"]
[WhiteTeam "Vincennes"]

1. e4 c5 2. Nf3 e6 3. d4 cxd4 4. Nxd4 Nf6 5. Nc3 d6 6. g4 h6 7. g5 hxg5 8. Bxg5
a6 9. h4 Be7 10. Qd2 Nc6 11. O-O-O Qc7 12. f4 Bd7 13. Bg2 Nxd4 14. Qxd4 Bc6 15.
Rh3 Rd8 16. f5 e5 17. Qd2 b5 18. Bxf6 Bxf6 19. Nd5 Bxd5 20. Qxd5 b4 21. h5 Qc5
22. Bf1 a5 23. Bc4 Qxd5 24. Rxd5 Rc8 25. Be2 Ke7 26. Rxa5 Ra8 27. Rxa8 Rxa8 28.
Bc4 Rc8 29. Bd5 Bg5+ 30. Kd1 Rh8 31. Ke2 Bc1 32. Rb3 Rxh5 33. Rxb4 f6 34. a4
Rh2+ 35. Kd3 Rh3+ 36. Kc4 Kd7 37. a5 Be3 38. Rb7+ 1-0

[Event " "]
[Site "Lyon Olympique Echecs"]
[Date "31.??.??"]
[Round "10.5"]
[White "Marino, Olivier"]
[Black "Schabanel, Stephane"]
[Result "0-1"]
[WhiteElo "2126"]
[BlackElo "2289"]
[PlyCount "92"]
[EventDate "31.??.??"]
[WhiteTeam "Cannes II"]
[BlackTeam "Vincennes"]

1. e4 c5 2. Nf3 d6 3. d4 cxd4 4. Nxd4 Nf6 5. Nc3 Nc6 6. Be3 Ng4 7. Bg5 h6 8.
Bh4 g5 9. Bg3 Bg7 10. Nb3 Be6 11. h4 Bxc3+ 12. bxc3 Rg8 13. Nd4 Qa5 14. Qd2 Bd7
15. Bc4 Nf6 16. Bd3 Nh5 17. Nf5 Bxf5 18. exf5 Nxg3 19. fxg3 Qe5+ 20. Kf2 gxh4
21. gxh4 Qg3+ 22. Kf1 Rg4 23. Rh3 Qf4+ 24. Qxf4 Rxf4+ 25. Ke2 Ne5 26. Bb5+ Kf8
27. Rf1 Rg4 28. g3 Rc8 29. Kd2 Nc4+ 30. Bxc4 Rcxc4 31. Rb1 b6 32. a3 Kg7 33.
Rb4 Kf6 34. Kd3 d5 35. Rxc4 Rxc4 36. Rh1 Kxf5 37. Rf1+ Ke6 38. Re1+ Kd6 39. Rf1
f6 40. Rf5 Rg4 41. Rf3 Ke6 42. Kd2 Re4 43. Rf1 f5 44. Kd3 Kf6 45. Ra1 Rg4 46.
Rg1 e5 0-1

[Event " "]
[Site "Lyon Olympique Echecs"]
[Date "31.??.??"]
[Round "10.6"]
[White "Fayard, Alain"]
[Black "Delabaca, Romuald"]
[Result "1-0"]
[WhiteElo "2295"]
[BlackElo "2154"]
[PlyCount "71"]
[EventDate "31.??.??"]
[WhiteTeam "Vincennes"]

1. d4 Nf6 2. c4 e6 3. Nc3 Bb4 4. Nf3 c5 5. e3 Nc6 6. Bd3 Bxc3+ 7. bxc3 d6 8.
O-O e5 9. Nd2 Qc7 10. Rb1 Bd7 11. Ba3 b6 12. Qf3 O-O 13. h3 Ne7 14. g4 Rac8 15.
Qg3 Bc6 16. d5 Bb7 17. f4 Ne8 18. Ne4 f6 19. Rf2 Ba6 20. Rd1 Rd8 21. h4 Qd7 22.
fxe5 dxe5 23. Bxc5 bxc5 24. Nxc5 Qc8 25. Ne6 Bxc4 26. Bxc4 Qxc4 27. Nxd8 Nd6
28. Ne6 Ne4 29. Qf3 Nxf2 30. Kxf2 Qxa2+ 31. Qe2 Qxe2+ 32. Kxe2 Rb8 33. d6 Nc6
34. d7 Nd8 35. Nxd8 Rxd8 36. c4 1-0

[Event " "]
[Site "Lyon Olympique Echecs"]
[Date "31.??.??"]
[Round "10.7"]
[White "Vuillermoz, Robert"]
[Black "Lohou, Stephane"]
[Result "1/2-1/2"]
[WhiteElo "2111"]
[BlackElo "2156"]
[PlyCount "60"]
[EventDate "31.??.??"]
[WhiteTeam "Cannes II"]
[BlackTeam "Vincennes"]

1. e4 c5 2. c3 Nf6 3. e5 Nd5 4. Bc4 Nb6 5. Bb3 Nc6 6. Nf3 d6 7. e6 Bxe6 8. Bxe6
fxe6 9. Ng5 Qd7 10. Qf3 Ne5 11. Qh3 Qb5 12. Na3 Qd3 13. f4 Qxh3 14. Nxh3 Nc6
15. O-O h6 16. d3 g6 17. Bd2 Bg7 18. Rae1 Kd7 19. Re3 Bf6 20. Nf2 Rhg8 21. Ne4
Raf8 22. Ree1 Nd5 23. Rf3 Bh8 24. Ref1 a6 25. Rh3 Bg7 26. Rg3 Bf6 27. Nc4 b5
28. Ne3 Nxe3 29. Bxe3 b4 30. Rh3 Bg7 1/2-1/2

[Event " "]
[Site "Lyon Olympique Echecs"]
[Date "31.??.??"]
[Round "10.8"]
[White "Descroix, Claire"]
[Black "Verot, Melanie"]
[Result "0-1"]
[WhiteElo "1610"]
[BlackElo "2101"]
[PlyCount "86"]
[EventDate "31.??.??"]
[WhiteTeam "Vincennes"]

1. e4 d5 2. exd5 Qxd5 3. Nc3 Qd6 4. Nf3 Nf6 5. Be2 c6 6. O-O Bg4 7. d3 e6 8.
Ng5 Bf5 9. Bf3 Be7 10. Nge4 Qc7 11. Ng3 Bg6 12. Nce4 Nbd7 13. b3 O-O 14. c4
Rad8 15. d4 e5 16. d5 cxd5 17. cxd5 Nb6 18. Nxf6+ Bxf6 19. Ba3 Be7 20. Bxe7
Qxe7 21. Re1 f6 22. Rc1 Rd7 23. Qd2 Rfd8 24. Red1 e4 25. Bg4 Rxd5 26. Qe2 f5
27. Bh3 Qg5 28. Re1 Rd2 29. Qf1 Rxa2 30. Rc7 Ra5 31. b4 Ra3 32. Rxb7 Re8 33.
Ra1 Rc3 34. Rbxa7 Rec8 35. Qb5 Qf6 36. R1a6 Rc1+ 37. Nf1 R8c6 38. Ra5 Nc4 39.
Bxf5 Bxf5 40. Qxf5 Nxa5 41. Qxa5 R1c2 42. Qd5+ Kf8 43. Rf7+ Qxf7 0-1

[Event " "]
[Site "Lyon Olympique Echecs"]
[Date "31.??.??"]
[Round "10.1"]
[White "Kosten, Anthony C"]
[Black "Minet, Steve"]
[Result "1-0"]
[WhiteElo "2517"]
[BlackElo "2171"]
[PlyCount "85"]
[EventDate "31.??.??"]
[WhiteTeam "Marseille Duchamps"]
[BlackTeam "Reims Echecs Mat"]

1. c4 e6 2. Nf3 Nf6 3. Nc3 d5 4. e3 Nbd7 5. b3 c6 6. Bb2 Bd6 7. Qc2 O-O 8. Be2
a6 9. g4 Nxg4 10. Rg1 f5 11. h3 Nge5 12. Ng5 Nf6 13. f4 Nf7 14. c5 Bxc5 15.
Nxd5 Qxd5 16. Bxf6 Nxg5 17. Bxg5 b6 18. Qc3 Ra7 19. Bf6 Rff7 20. Bh5 g6 21. Be5
a5 22. a3 Bf8 23. Kf2 Rad7 24. d4 Rc7 25. Bf3 Qd8 26. Bxc7 Rxc7 27. b4 c5 28.
bxc5 bxc5 29. Rac1 Qh4+ 30. Kg2 g5 31. Qe1 Qxe1 32. Rgxe1 gxf4 33. exf4 c4 34.
Rc3 Bg7 35. Rd1 Ba6 36. Kf2 Bb5 37. Ke3 Ba4 38. Rdc1 Rd7 39. Rxc4 Bb5 40. Rc8+
Kf7 41. Bh5+ Ke7 42. Re8+ Kd6 43. Rb8 1-0

[Event " "]
[Site "Lyon Olympique Echecs"]
[Date "31.??.??"]
[Round "10.2"]
[White "Camus, Berenger"]
[Black "Howell, David W L"]
[Result "0-1"]
[WhiteElo "2162"]
[BlackElo "2471"]
[PlyCount "70"]
[EventDate "31.??.??"]
[WhiteTeam "Reims Echecs Mat"]

1. d4 Nf6 2. c4 g6 3. Nc3 d5 4. Bf4 Bg7 5. e3 c6 6. Nf3 O-O 7. h3 Nbd7 8. Be2
dxc4 9. Bxc4 b5 10. Be2 b4 11. Na4 Nd5 12. Bg3 Qa5 13. O-O c5 14. Rc1 cxd4 15.
Nxd4 Bb7 16. Nc6 Bxc6 17. Rxc6 N7b6 18. Nxb6 Nxb6 19. Qb3 Qa4 20. Qxa4 Nxa4 21.
Ra6 Nxb2 22. Bf3 Rac8 23. Rxa7 $11 Bf6 24. Rb7 Nd3 25. Be2 Nc1 26. Bg4 Rc4 27.
Bf3 Rd8 28. Bd1 Rd3 29. Bf4 g5 30. Bg3 Kg7 31. f4 h6 32. fxg5 hxg5 33. h4 gxh4
34. Bf4 Rd2 35. e4 Rxd1 0-1

[Event " "]
[Site "Lyon Olympique Echecs"]
[Date "31.??.??"]
[Round "10.3"]
[White "Savchenko, Stanislav"]
[Black "Desanlis, Anne-Sophie"]
[Result "1-0"]
[WhiteElo "2545"]
[BlackElo "1916"]
[PlyCount "77"]
[EventDate "31.??.??"]
[WhiteTeam "Marseille Duchamps"]
[BlackTeam "Reims Echecs Mat"]

1. d4 d5 2. Nf3 Nf6 3. c4 e6 4. Nc3 Be7 5. Bf4 O-O 6. e3 dxc4 7. Bxc4 Nd5 8.
Bg3 Nxc3 9. bxc3 c5 10. O-O Nc6 11. Qe2 cxd4 12. cxd4 Bd6 13. Rfd1 Bxg3 14.
hxg3 Qe7 15. Rac1 Rd8 16. Bd3 Bd7 17. Qb2 b6 18. a3 Rac8 19. Rc3 Nb8 20. Rdc1
Rxc3 21. Rxc3 Nc6 22. Qc2 g6 23. Rxc6 Bxc6 24. Qxc6 Qxa3 25. Qc7 Re8 26. Ne5
Re7 27. Qd8+ Kg7 28. Bf1 Rb7 29. d5 exd5 30. Qxd5 Rc7 31. Nd7 Qc3 32. Qd6 Rc8
33. e4 Qc6 34. Qe5+ Kg8 35. Nf6+ Kg7 36. Nd7+ f6 37. Qe7+ Kh6 38. Nxf6 Re8 39.
Ng4+ 1-0

[Event " "]
[Site "Lyon Olympique Echecs"]
[Date "31.??.??"]
[Round "10.4"]
[White "Gozillon, Matthieu"]
[Black "Boudre, Jean-Pierre"]
[Result "0-1"]
[WhiteElo "1881"]
[BlackElo "2328"]
[PlyCount "78"]
[EventDate "31.??.??"]
[WhiteTeam "Reims Echecs Mat"]

1. e4 e5 2. Nf3 Nc6 3. Bb5 Nf6 4. O-O Nxe4 5. Re1 Nd6 6. Bxc6 dxc6 7. Nxe5 Be7
8. d3 O-O 9. Nc3 Re8 10. Bf4 Bf8 11. h3 Be6 12. Nf3 f6 13. Qd2 Qd7 14. g4 Bxg4
15. hxg4 Qxg4+ 16. Bg3 Qxf3 17. Rxe8 Rxe8 18. Re1 Qh5 19. Kg2 Rxe1 20. Qxe1 Qf7
21. Qe3 b6 22. b3 g6 23. a4 Kg7 24. Ne2 Nf5 25. Qe4 Nxg3 26. fxg3 Qd5 27. Qxd5
cxd5 28. Nf4 Kf7 29. Nxd5 Bd6 30. Kf3 Ke6 31. Ne3 h5 32. d4 c6 33. c4 g5 34.
Ke4 Bxg3 35. d5+ cxd5+ 36. cxd5+ Kd7 37. Kf5 h4 38. Kg4 Kd6 39. b4 Bf2 0-1

[Event " "]
[Site "Lyon Olympique Echecs"]
[Date "31.??.??"]
[Round "10.5"]
[White "Poisson, Olivier"]
[Black "Lesueur, Christophe"]
[Result "1-0"]
[WhiteElo "2159"]
[BlackElo "1680"]
[PlyCount "61"]
[EventDate "31.??.??"]
[WhiteTeam "Marseille Duchamps"]
[BlackTeam "Reims Echecs Mat"]

1. d4 Nf6 2. c4 g6 3. Nc3 d5 4. cxd5 Nxd5 5. Bd2 Bg7 6. e4 Nxc3 7. Bxc3 O-O 8.
Nf3 Bg4 9. Be2 Nd7 10. Rc1 Rc8 11. O-O c5 12. Qa4 cxd4 13. Nxd4 Bxe2 14. Nxe2
Bxc3 15. Nxc3 a6 16. Rcd1 Rc7 17. Nd5 Nc5 18. Qb4 e6 19. Nxc7 Qxc7 20. Rd4 b6
21. f4 f5 22. exf5 Rxf5 23. Qc4 b5 24. Qe2 e5 25. fxe5 Rxe5 26. Rd8+ Kg7 27.
Qd2 Qb6 28. Kh1 Qe6 29. Rdf8 Rf5 30. R8xf5 gxf5 31. Qd4+ 1-0

[Event " "]
[Site "Lyon Olympique Echecs"]
[Date "31.??.??"]
[Round "10.6"]
[White "Garcia, Thibaud"]
[Black "Hulin, Jerome"]
[Result "0-1"]
[WhiteElo "1320"]
[BlackElo "2085"]
[PlyCount "38"]
[EventDate "31.??.??"]
[WhiteTeam "Reims Echecs Mat"]

1. d4 Nf6 2. Nc3 d5 3. Nf3 Bf5 4. Bf4 e6 5. e3 Bd6 6. Bg5 Nbd7 7. Bb5 c6 8. Ba4
Qc7 9. Ne2 Qa5+ 10. c3 Ne4 11. Qb3 Nb6 12. Rc1 O-O 13. O-O Nxa4 14. Qxb7 Rab8
15. Qd7 Qa6 16. Nf4 Rb7 17. Ne5 Bxe5 18. Qxb7 Qxb7 19. dxe5 Nxg5 0-1

[Event " "]
[Site "Lyon Olympique Echecs"]
[Date "31.??.??"]
[Round "10.1"]
[White "Romero Holmes, Alfonso"]
[Black "Sikula, Vaszilij"]
[Result "1/2-1/2"]
[WhiteElo "2517"]
[BlackElo "2536"]
[PlyCount "39"]
[EventDate "31.??.??"]
[WhiteTeam "Avignon"]
[BlackTeam "Epinal"]

1. e4 c5 2. Nf3 e6 3. d4 cxd4 4. Nxd4 a6 5. Be2 Nf6 6. Nc3 Qc7 7. O-O d6 8. Bg5
Be7 9. f4 O-O 10. f5 Nc6 11. fxe6 fxe6 12. Nxc6 bxc6 13. e5 dxe5 14. Kh1 Bb7
15. Qd3 Nd5 16. Bxe7 Qxe7 17. Bf3 a5 18. Rfe1 Rf5 19. Ne4 c5 20. Ng3 1/2-1/2

[Event " "]
[Site "Lyon Olympique Echecs"]
[Date "31.??.??"]
[Round "10.2"]
[White "Okhotnik, Vladimir"]
[Black "Gervasio, Ricardo"]
[Result "0-1"]
[WhiteElo "2484"]
[BlackElo "2282"]
[PlyCount "73"]
[EventDate "31.??.??"]
[WhiteTeam "Epinal"]

1. e4 c5 2. c3 e6 3. d4 d5 4. exd5 exd5 5. Nf3 Nf6 6. Be2 Bd6 7. dxc5 Bxc5 8.
O-O O-O 9. Nbd2 Nc6 10. Nb3 Bb6 11. Bg5 Re8 12. Nbd4 Qd6 13. g3 Bh3 14. Bf4 Qd7
15. Re1 Ne4 16. Be3 Bc7 17. Qd3 Rad8 18. Rad1 h6 19. Bf1 Bxf1 20. Qxf1 a6 21.
Nb3 b5 22. a3 Qg4 23. Qg2 Nf6 24. h3 Qc8 25. g4 Ne4 26. Nbd4 Nd6 27. Nh4 Nc4
28. Bc1 Bd6 29. Nhf5 Nb6 30. Nxd6 Rxd6 31. Be3 Nxd4 32. Rxd4 Qc6 33. Red1 Nc4
34. h4 Kh7 35. Qf3 Kg8 36. Re4 Qd7 37. Rf4 0-1

[Event " "]
[Site "Lyon Olympique Echecs"]
[Date "31.??.??"]
[Round "10.3"]
[White "Rahal, Michael A"]
[Black "Bakalarz, Mieczyslaw"]
[Result "1/2-1/2"]
[WhiteElo "2395"]
[BlackElo "2373"]
[PlyCount "106"]
[EventDate "31.??.??"]
[WhiteTeam "Avignon"]
[BlackTeam "Epinal"]

1. e4 e5 2. Nf3 Nf6 3. Nxe5 d6 4. Nf3 Nxe4 5. Nc3 Nxc3 6. dxc3 Nc6 7. Bf4 Bg4
8. Be2 Be7 9. Qd2 Qd7 10. h3 Bh5 11. O-O-O O-O-O 12. Rhe1 a6 13. Qd5 Bg6 14.
Nd4 Nxd4 15. Qxd4 c5 16. Qc4 h5 17. Bf3 Rhe8 18. Qd5 f5 19. Qb3 Bf8 20. Bd5 Qb5
21. Be6+ Kb8 22. Qd5 Qc6 23. Qxc6 bxc6 24. h4 Kc7 25. g3 Kb6 26. Re3 a5 27. c4
a4 28. a3 Kc7 29. Rde1 Rb8 30. b3 Kb6 31. Kb2 Rb7 32. b4 Be7 33. c3 Bf8 34. Bg5
Ka7 35. Bg8 Rxe3 36. Rxe3 Bf7 37. Bxf7 Rxf7 38. Kc2 Kb7 39. Re8 d5 40. cxd5
cxd5 41. Bf4 d4 42. Rb8+ Kc6 43. b5+ Kd5 44. Rd8+ Kc4 45. b6 Rb7 46. Bc7 Be7
47. Ra8 Kb5 48. Ra7 Kc6 49. c4 Rxa7 50. bxa7 Kb7 51. Bb6 Bd6 52. Kd3 g6 53. Ke2
Ka8 1/2-1/2

[Event " "]
[Site "Lyon Olympique Echecs"]
[Date "31.??.??"]
[Round "10.4"]
[White "Adrian, Claude"]
[Black "Meynard, Thibault"]
[Result "0-1"]
[WhiteElo "2280"]
[BlackElo "2281"]
[PlyCount "52"]
[EventDate "31.??.??"]
[WhiteTeam "Epinal"]

1. Nf3 Nf6 2. c4 c6 3. d4 d5 4. Nc3 e6 5. g3 Nbd7 6. Bg2 dxc4 7. O-O Be7 8. e4
b5 9. d5 b4 10. dxe6 fxe6 11. Ne2 e5 12. Qc2 Ba6 13. Ng5 Nc5 14. Rd1 Qb6 15.
Be3 Ng4 16. Qd2 O-O 17. h3 Rad8 18. hxg4 Rxd2 19. Rxd2 Bxg5 20. Bxg5 Ne6 21.
Be3 c5 22. f4 Nd4 23. fxe5 c3 24. Nxd4 cxd2 25. Nb3 Rd8 26. Nxd2 Qe6 0-1

[Event " "]
[Site "Lyon Olympique Echecs"]
[Date "31.??.??"]
[Round "10.5"]
[White "Pieroni, Guillaume"]
[Black "Cordier, Arnaud"]
[Result "1-0"]
[WhiteElo "2200"]
[BlackElo "2151"]
[PlyCount "75"]
[EventDate "31.??.??"]
[WhiteTeam "Avignon"]
[BlackTeam "Epinal"]

1. e4 c5 2. Ne2 Nc6 3. g3 d5 4. Bg2 dxe4 5. Bxe4 Nf6 6. Bg2 e5 7. d3 Bg4 8. h3
Be6 9. Nbc3 c4 10. dxc4 Bxc4 11. b3 Qxd1+ 12. Nxd1 Bd5 13. O-O Bc5 14. Bxd5
Nxd5 15. c4 Nc7 16. Be3 Nd4 17. Bxd4 exd4 18. Nb2 O-O-O 19. Nd3 Rhe8 20. Rfe1
Bf8 21. Nef4 Bd6 22. Kf1 Ne6 23. Nxe6 fxe6 24. Re4 Rf8 25. Kg2 Rf6 26. Rae1 e5
27. Nxe5 Bb4 28. Rd1 Bc3 29. Nd3 g5 30. h4 gxh4 31. Rxh4 h6 32. Re4 h5 33. Rh1
Rf5 34. f4 a6 35. Kf3 Ra5 36. a4 b5 37. axb5 axb5 38. Rxh5 1-0

[Event " "]
[Site "Lyon Olympique Echecs"]
[Date "31.??.??"]
[Round "10.6"]
[White "Spielmann, Alain"]
[Black "Gregoire, Sylvain"]
[Result "1/2-1/2"]
[WhiteElo "2244"]
[BlackElo "2270"]
[PlyCount "46"]
[EventDate "31.??.??"]
[WhiteTeam "Epinal"]

1. Nf3 d5 2. c4 c6 3. e3 Nf6 4. d4 a6 5. Bd3 Bg4 6. Nbd2 Nbd7 7. O-O e6 8. b3
Bb4 9. Bb2 O-O 10. Qc2 Re8 11. a3 Ba5 12. Ne5 Bxd2 13. Nxg4 Nxg4 14. Qxd2 Qg5
15. h3 Nh6 16. f4 Qe7 17. e4 f5 18. e5 Kh8 19. Bc3 Rg8 20. Bb4 c5 21. dxc5 Nxc5
22. cxd5 a5 23. Bc3 exd5 1/2-1/2

[Event " "]
[Site "Lyon Olympique Echecs"]
[Date "31.??.??"]
[Round "10.7"]
[White "Duquesnoy, Jean-Philippe"]
[Black "Grenouilloux, Alain"]
[Result "1/2-1/2"]
[WhiteElo "2258"]
[BlackElo "2122"]
[PlyCount "46"]
[EventDate "31.??.??"]
[WhiteTeam "Avignon"]
[BlackTeam "Epinal"]

1. d4 d5 2. Nf3 Nf6 3. c4 e6 4. g3 Nbd7 5. Bg2 Be7 6. O-O O-O 7. b3 Ne4 8. Bb2
c6 9. Nbd2 Nxd2 10. Qxd2 f5 11. a4 g6 12. Ba3 Kg7 13. Bxe7 Qxe7 14. a5 a6 15.
Rac1 Rd8 16. Qf4 Nf6 17. c5 Bd7 18. Ne5 Rf8 19. f3 Rad8 20. Rcd1 Bc8 21. Qg5
Ng8 22. Qd2 Nf6 23. Qg5 Ng8 1/2-1/2

[Event " "]
[Site "Lyon Olympique Echecs"]
[Date "31.??.??"]
[Round "10.8"]
[White "Baujard, Anne"]
[Black "Bomba, Melody"]
[Result "1/2-1/2"]
[WhiteElo "1924"]
[BlackElo "1960"]
[PlyCount "113"]
[EventDate "31.??.??"]
[WhiteTeam "Epinal"]

1. Nf3 Nf6 2. g3 g6 3. Bg2 Bg7 4. O-O d6 5. d4 O-O 6. c4 Nbd7 7. Nc3 c5 8. e3
Rb8 9. Re1 a6 10. a4 Qc7 11. b3 b6 12. Bb2 Bb7 13. Qd3 Rfe8 14. d5 Rbd8 15.
Rad1 h6 16. Rd2 Ng4 17. Nh4 Nde5 18. Qc2 e6 19. f4 g5 20. fxe5 gxh4 21. dxe6
Bxg2 22. exd6 Qb7 23. Rxg2 Rxe6 24. Nd5 Bxb2 25. Qxb2 Rdxd6 26. gxh4 Rg6 27.
Qe2 h5 28. h3 Nf6 29. Rxg6+ fxg6 30. e4 Re6 31. Qf3 Qg7 32. Qc3 Nxe4 33. Qxg7+
Kxg7 34. Nc3 Ng5 35. Rxe6 Nxe6 36. Nd5 Nd4 37. Nxb6 Nxb3 38. Nd7 Kf7 39. Kg2
Ke7 40. Nb8 a5 41. Nc6+ Kf6 42. Kg3 Kf5 $11 43. Ne7+ Kf6 44. Nd5+ Kf5 45. Kf2
Nd2 46. Nb6 Ne4+ 47. Ke3 g5 48. hxg5 Nxg5 49. Nd7 Ne4 50. h4 Nd6 51. Nxc5 Nxc4+
52. Kf3 Nd2+ 53. Ke2 Ne4 54. Nb3 Nc3+ 55. Kf3 Nxa4 56. Nxa5 Nc5 57. Nc4 1/2-1/2

[Event " "]
[Site "Lyon Olympique Echecs"]
[Date "31.??.??"]
[Round "10.1"]
[White "Ninov, Nikolai"]
[Black "Chernuschevich, Alexei"]
[Result "0-1"]
[WhiteElo "2546"]
[BlackElo "2526"]
[PlyCount "104"]
[EventDate "31.??.??"]
[WhiteTeam "Hyères"]
[BlackTeam "Besançon T.P.G."]

1. e4 c5 2. Nf3 e6 3. d4 cxd4 4. Nxd4 Nc6 5. Nb5 d6 6. c4 Nf6 7. N1c3 a6 8. Na3
Be7 9. Be2 O-O 10. O-O b6 11. Be3 Bb7 12. Qb3 Nd7 13. Rfd1 Rb8 14. Rd2 Qc7 15.
Qd1 g5 16. h4 h6 17. hxg5 hxg5 18. g3 Kg7 19. Bf1 Rh8 $11 20. Rc1 Nce5 21. f4
Ng6 22. Rcc2 Nf6 23. f5 Ne5 24. fxe6 fxe6 25. Bg2 Neg4 26. Bd4 e5 27. Nd5 Bxd5
28. cxd5 Qd7 29. Bf2 Nxf2 30. Rxf2 Ng4 31. Nc4 b5 32. Rf5 Qa7+ 33. Kf1 Nh2+ 34.
Ke2 bxc4 35. Qc1 Rhf8 36. Rxc4 Ng4 37. Rxg5+ Bxg5 38. Qxg5+ Kh8 39. Qxg4 Rxb2+
40. Kd3 Rxa2 41. Qh3+ Qh7 42. Kc3 Qxh3 43. Bxh3 Rf3+ 44. Kb4 Rb2+ 45. Ka4 Rxg3
46. Bc8 Rg1 47. Ka3 Rb6 48. Ka2 Rd1 49. Bd7 Rd4 50. Rc8+ Kg7 51. Bc6 Rc4 52.
Ka3 Rc1 0-1

[Event " "]
[Site "Lyon Olympique Echecs"]
[Date "31.??.??"]
[Round "10.2"]
[White "Crut, Aurelien"]
[Black "Sulava, Nenad"]
[Result "0-1"]
[WhiteElo "2367"]
[BlackElo "2549"]
[PlyCount "120"]
[EventDate "31.??.??"]
[WhiteTeam "Besançon T.P.G."]

1. e4 e6 2. d4 d5 3. e5 c5 4. c3 Nc6 5. Nf3 Qb6 6. a3 Nh6 7. b4 cxd4 8. cxd4
Nf5 9. Bb2 Bd7 10. g4 Nfe7 11. Nc3 h5 12. Na4 Qd8 13. Nc5 Bc8 14. g5 Ng6 15.
Qd2 Be7 16. h4 O-O 17. Rc1 b6 18. Nd3 Bd7 19. Nf4 Nxf4 20. Qxf4 b5 21. Bd3 g6
22. Qd2 a5 23. Bc3 axb4 24. axb4 Ra4 25. Rb1 Qb6 26. O-O Rfa8 27. Rb2 Be8 28.
Rfb1 Rc8 29. Kg2 Qb7 30. Bc2 Ra3 31. Rb3 Ra2 32. R1b2 Ra6 33. Bd3 Rca8 34. Qe2
Na7 35. Ra2 Ra4 36. Rbb2 Nc8 37. Be1 Nb6 38. Bc3 Nc4 39. Bxc4 dxc4 40. Rxa4
Rxa4 41. Kg3 Ra3 42. Qe3 Bc6 43. Nd2 Qa8 44. f3 Qf8 45. Nb1 Ra4 46. Qe1 Qa8 47.
Qe3 Ra2 48. Rxa2 Qxa2 49. Nd2 Qa4 50. Ne4 Bxe4 51. Qxe4 Bxb4 52. Bxb4 Qxb4 53.
Qa8+ Qf8 54. Qc6 Qb8 55. Kf4 b4 56. Qxc4 b3 57. Qc1 b2 58. Qb1 Qb3 59. d5 Qc4+
60. Kg3 Qc1 0-1

[Event " "]
[Site "Lyon Olympique Echecs"]
[Date "31.??.??"]
[Round "10.3"]
[White "Leski, Marc"]
[Black "Sermier, Guillaume"]
[Result "1/2-1/2"]
[WhiteElo "2389"]
[BlackElo "2366"]
[PlyCount "88"]
[EventDate "31.??.??"]
[WhiteTeam "Hyères"]
[BlackTeam "Besançon T.P.G."]

1. Nf3 Nf6 2. c4 c6 3. d4 d5 4. Qc2 g6 5. Bf4 Bg7 6. e3 Bf5 7. Qb3 Qb6 8. Nc3
Nbd7 9. cxd5 Nxd5 10. Nxd5 cxd5 11. Rc1 O-O 12. Be2 Qxb3 13. axb3 Rfc8 14. O-O
Bc2 15. Nd2 e5 16. Bb5 exf4 17. Bxd7 Rc7 18. Nb1 Bh6 19. Rfe1 Rd8 20. Na3 Rdxd7
21. Rxc2 a6 22. exf4 $11 Bxf4 23. Re8+ Kg7 24. Rc8 Rxc8 25. Rxc8 Rd6 26. g3 Bg5
27. h4 Bf6 28. Nc2 Rb6 29. Rc3 a5 30. Kf1 a4 31. bxa4 Rxb2 32. Rc5 b6 33. Rc6
Ra2 34. Nb4 Ra1+ 35. Kg2 Bxd4 36. Nc2 Rxa4 37. Nxd4 Rxd4 38. Rxb6 h5 39. Kf3
Re4 40. Rd6 Re5 41. Kf4 f6 42. Rd7+ Kf8 43. f3 Ke8 44. Ra7 Kf8 1/2-1/2

[Event " "]
[Site "Lyon Olympique Echecs"]
[Date "31.??.??"]
[Round "10.5"]
[White "Comte, Frederic"]
[Black "Naudier, Serge"]
[Result "0-1"]
[WhiteElo "2188"]
[BlackElo "2260"]
[PlyCount "198"]
[EventDate "31.??.??"]
[WhiteTeam "Hyères"]
[BlackTeam "Besançon T.P.G."]

1. e4 c5 2. Nf3 e6 3. b3 d6 4. c4 Nf6 5. Nc3 b6 6. d4 cxd4 7. Nxd4 Bb7 8. Bd3
Be7 9. O-O O-O 10. Kh1 Nbd7 11. Qe2 Nc5 12. Bc2 d5 13. Rd1 Re8 14. e5 Nfe4 15.
Nxe4 dxe4 16. Nxe6 Qc8 17. Nxc5 Bxc5 18. Bb2 Qf5 19. f3 exf3 20. Bxf5 fxe2 21.
Re1 Rad8 22. Rxe2 Bd4 23. Bxd4 Rxd4 24. Rae1 f6 25. e6 g6 26. Bc2 Re7 27. Kg1
Rd6 28. b4 Kf8 29. Bb3 Bc8 30. c5 bxc5 31. bxc5 Rc6 32. Rd2 Rxc5 33. Rd6 f5 34.
Kf2 Kg7 35. Re2 Kf6 36. h4 Re5 37. Rc2 Bxe6 38. Ra6 Kf7 39. Bxe6+ R5xe6 40.
Rxe6 Kxe6 41. Rc5 Kf6 42. Ra5 Kg7 43. Kf3 Kh6 44. g4 fxg4+ 45. Kxg4 Kg7 46. Ra6
Kf7 47. Kg5 Ke8 48. Kf6 Rc7 49. Ra4 Kd7 50. Rd4+ Kc8 51. Rb4 Rc5 52. Kg7 Rh5
53. Rc4+ Kb7 54. Rb4+ Kc6 55. Rc4+ Kb5 56. Rg4 a5 57. a4+ Kc5 58. Kf6 Rf5+ 59.
Kg7 h5 60. Rxg6 Kb4 61. Rg5 Rxg5+ 62. hxg5 h4 63. Kf6 h3 64. g6 h2 65. g7 h1=Q
66. g8=Q Qc6+ 67. Ke5 Qc3+ 68. Ke4 Kxa4 69. Qa2+ Kb4 70. Qb1+ Ka3 71. Qd1 Kb2
72. Qd7 Qc2+ 73. Ke3 a4 74. Kf4 a3 75. Qb5+ Ka2 76. Qd5+ Kb1 77. Qb5+ Kc1 78.
Qf1+ Qd1 79. Qc4+ Kb2 80. Qb4+ Qb3 81. Qd2+ Qc2 82. Qb4+ Ka2 83. Kg4 Qe2+ 84.
Kf4 Qf2+ 85. Kg4 Qe3 86. Qb5 Qe4+ 87. Kh5 Qf3+ 88. Kh4 Ka1 89. Qe5+ Kb1 90.
Qb5+ Kc2 91. Qc4+ Kd1 92. Qa4+ Ke1 93. Qa5+ Kf1 94. Qa6+ Kg1 95. Qg6+ Kf2 96.
Qc2+ Qe2 97. Qf5+ Kg1 98. Qg5+ Kf1 99. Qd5 Qh2+ 0-1

[Event " "]
[Site "Lyon Olympique Echecs"]
[Date "31.03.07"]
[Round "10.6"]
[White "Frédéric, Clément"]
[Black "Langevin, Philippe"]
[Result "1-0"]
[WhiteElo "2242"]
[BlackElo "2208"]
[PlyCount "153"]
[EventDate "31.??.??"]
[WhiteTeam "Hyères"]
[BlackTeam "Besançon T.P.G."]

1. e4 c5 2. Nf3 d6 3. d4 cxd4 4. Nxd4 Nf6 5. Nc3 g6 6. Be3 Bg7 7. f3 O-O 8. Qd2
Nc6 9. O-O-O Nxd4 10. Bxd4 Be6 11. Kb1 Qc7 12. g4 Rfc8 13. h4 Qa5 14. Qg5 Qxg5
15. hxg5 Nd7 16. Bxg7 Kxg7 17. Be2 Nb6 18. f4 Rh8 19. f5 Bd7 20. Rdf1 f6 21.
gxf6+ Kxf6 22. Rh6 Rac8 23. fxg6+ Kg7 24. Rxh7+ Rxh7 25. gxh7 Rh8 26. Kc1 Rxh7
27. Kd2 Kg6 28. e5 Rh2 29. Ke3 d5 30. b3 Rh4 31. Kd4 Be6 32. a4 Rh2 33. a5 Nd7
34. Nxd5 Kg5 35. Nc3 Nb8 36. Ne4+ Kg6 37. Bd3 Kg7 38. Nc5 Nc6+ 39. Ke4 Bg8 40.
Nxb7 Bh7+ 41. Kd5 Nb4+ 42. Kc4 Nxc2 43. Rf4 Ne3+ 44. Kd4 Ng2 45. Rf1 Bxd3 46.
Kxd3 Rh3+ 47. Kd4 Rxb3 48. Nd8 Ra3 49. Rf7+ Kg6 50. Rxe7 Rxa5 51. Nc6 Ra4+ 52.
Kc5 Ne3 53. Rxa7 Rxg4 54. Ne7+ Kg5 55. Nc6 Nf5 56. Kd5 Rg1 57. Ra8 Rd1+ 58. Ke6
Ng7+ 59. Ke7 Nf5+ 60. Kf7 Rd7+ 61. Ke6 Rc7 62. Rg8+ Kf4 63. Nb4 Re7+ 64. Kf6
Rd7 65. Rc8 Ne3 66. e6 Ng4+ 67. Kg6 Rd6 68. Kf7 Ne5+ 69. Ke7 Rd1 70. Rf8+ Ke4
71. Rf2 Rb1 72. Re2+ Kf5 73. Rf2+ Ke4 74. Re2+ Kf5 75. Kd6 Rd1+ 76. Nd5 Nc4+
77. Kc5 1-0